[Event "Groningen op"]
[Site "Groningen"]
[Date "1997.??.??"]
[Round "9"]
[White "Lomineishvili, Maia"]
[Black "Van Linde, Paul"]
[Result "0-1"]
[WhiteElo "2350"]
[BlackElo "2140"]

1.d4 d5 2.c4 c6 3.Nc3 Nf6 4.e3 e6 5.Nf3 Nbd7 6.Qc2 Bd6 7.Bd3 O-O 8.O-O dxc4
9.Bxc4 b5 10.Be2 Bb7 11.Rd1 Qb8 12.h3 a6 13.e4 e5 14.dxe5 Nxe5 15.Bg5 Nxf3+
16.Bxf3 Be5 17.Be3 Qc7 18.b4 c5 19.Bxc5 Rfe8 20.Rac1 Bxc3 21.Qxc3 Bxe4 22.Qb3 Rac8
23.Be3 Qb7 24.Bxe4 Nxe4 25.Rxc8 Qxc8 26.Rc1 Qb7 27.Qc2 h6 28.Qc6 Qxc6 29.Rxc6 Re6
30.Rxe6 fxe6 31.Bd4 Nd2 32.f4 Kf7 33.Kf2 g6 34.Ke3 Nc4+ 35.Kd3 h5 36.Bh8 Ke7
37.Kd4 Kd6 38.Bg7 Kc6 39.Bf6 Kd6 40.Bh8 Kc6 41.Bg7 Kd6 42.a4 Nb2 43.a5 Kd7
44.g3 Ke7 45.Bh6 Kd7 46.Bg5 Kd6 47.Bf6 Kd7 48.Be5 Kc6 49.Bg7 Kd7 50.Kc5 Na4+
51.Kd4 Nb2 52.Ke5 Ke7 53.Ke4 Nc4 54.Be5 Kd7 55.Kd4 Nb2 56.Bb8 Kc8 57.Ba7 Kd7
58.g4 hxg4 59.hxg4 Kd6 60.Bb8+ Kd7 61.Be5 Kc6 62.Bg7 Kd7 63.Bh6 Ke7 64.Kc5 Nd3+
65.Kb6 Nxb4 66.Bg7 Kd7 67.Bf8 Nd3 68.Kxa6 Kc6 69.Ka7 b4 70.a6 b3 71.Ba3 Kc7
72.Ka8 b2 73.Bxb2 Nxb2 74.f5 exf5 75.gxf5 g5 76.f6 Nc4 77.f7 Nb6+ 78.Ka7 Nd7
79.Ka8 g4 80.f8=Q Nxf8 81.a7 Kb6 82.Kb8 Nd7+ 83.Ka8 Nc5 84.Kb8 Na6+ 85.Ka8 Nc7+
86.Kb8 g3  0-1

[Event "Perenyi  Memorial"]
[Site "Gyula"]
[Date "1997.??.??"]
[Round "9"]
[White "Gonzales, G."]
[Black "Lukacs, Peter"]
[Result "1/2-1/2"]
[WhiteElo "2475"]
[BlackElo "2470"]

1.d4 Nf6 2.Nf3 d5 3.c4 e6 4.Nc3 c6 5.e3 Nbd7 6.Bd3 dxc4 7.Bxc4 b5 8.Bd3 a6
9.e4 c5 10.d5 Qc7 11.O-O Be7 12.dxe6 fxe6 13.e5 Nxe5 14.Bf4 Nxf3+ 15.Qxf3 Qa7
16.Bxb5+ axb5 17.Nxb5 Qb7 18.Nc7+ Kf7 19.Nxa8 Qxf3 20.gxf3 Ba6 21.Nc7 Bxf1
22.Kxf1 Nd5 23.Be5 Nxc7 24.Bxc7 Bf6 25.Rc1 Ra8 26.Rxc5 Rxa2 27.Be5  1/2-1/2

[Event "Hafnarfjordur"]
[Site "Hafnarfjordur"]
[Date "1997.??.??"]
[Round "3"]
[White "Astrom, Robert"]
[Black "Halldorsson, Bragi"]
[Result "1-0"]
[WhiteElo "2455"]
[BlackElo "2270"]

1.d4 d5 2.c4 c6 3.Nc3 Nf6 4.e3 e6 5.Nf3 Nbd7 6.Qc2 Be7 7.Be2 dxc4 8.Bxc4 b5
9.Bd3 a6 10.Ne4 Qb6 11.Bd2 c5 12.dxc5 Nxc5 13.Nxc5 Qxc5 14.Qxc5 Bxc5 15.Rc1 Be7
16.Ke2 Bb7 17.Rc7 Rb8 18.Rd1 Bd6 19.Rc2 Ke7 20.Ba5 Rbc8 21.Rcd2 Bc5 22.Bb1 Bd5
23.b3 Rhe8 24.h3 Kf8 25.g4 h6 26.Rc1 Ba3 27.Rxc8 Rxc8 28.Rc2 Rxc2+ 29.Bxc2 Bxf3+
30.Kxf3 Nd5 31.Bd2 b4 32.Ke4 Ke7 33.Kd4 Kd6 34.Kc4 Nb6+ 35.Kd3 a5 36.e4 Bb2
37.Be3 Kc6 38.f4 e5 39.f5 Bc3 40.h4 Be1 41.g5 Bxh4 42.gxh6 gxh6 43.Bxh6 Be7
44.Bd1 Nc8 45.Bh5 Nd6 46.Ke3 Kc5 47.Be2 Bh4 48.Bf8 Kc6 49.Kf3 Bf6 50.Bd3 Kd7
51.Kg4 Kc6 52.Kh5 Kd7 53.Kh6 Kc6 54.Kh7 Nxf5 55.exf5 Kd5 56.Kg8 e4 57.Bc4+ Ke5
58.Kxf7 Kxf5 59.Bc5 Bg5 60.Bb6 Bd2 61.Ke7 e3 62.Kd6 Kf4 63.Kc6 Kf3 64.Kb5 e2
65.Bxe2+ Kxe2 66.Bxa5  1-0

[Event "Wichern op"]
[Site "Hamburg"]
[Date "1997.??.??"]
[Round "1"]
[White "Kluth, Carsten"]
[Black "Grabliauskas, Virginijus"]
[Result "0-1"]
[WhiteElo "2195"]
[BlackElo "2445"]

1.d4 d5 2.c4 e6 3.Nc3 c6 4.e3 Nf6 5.Nf3 Nbd7 6.Qc2 Bd6 7.b3 O-O 8.Be2 Re8
9.O-O b6 10.e4 dxe4 11.Nxe4 Nxe4 12.Qxe4 Qc7 13.Bd3 Nf8 14.Bb2 Bb7 15.Qe2 Rad8
16.Rac1 c5 17.dxc5 Bxc5 18.Be4 Bxe4 19.Qxe4 f6 20.Rcd1 Rd6 21.Rxd6 Qxd6 22.Nd4 Rd8
23.Nb5 Qd2 24.Qb1 Ng6 25.Bc3 Qe2 26.g3 Bxf2+ 27.Rxf2 Rd1+ 28.Qxd1 Qxd1+ 29.Kg2 h5
30.Nxa7 h4 31.Nb5 Qg4 32.Bd2 hxg3 33.hxg3 Nh4+ 34.Kh2 Nf3+ 35.Kg2 Nh4+ 36.Kh2 Nf5
37.Rg2 e5 38.Nc3 e4 39.Nd5 Nd4 40.Rf2 Nf3+ 41.Kg2 Nxd2 42.Rxd2 Qf3+ 43.Kh2 e3
44.Ne7+ Kf7 45.Rd7 Ke8  0-1

[Event "Wichern op"]
[Site "Hamburg"]
[Date "1997.??.??"]
[Round "1"]
[White "Blecken, Volker"]
[Black "Van der Sterren, Paul"]
[Result "0-1"]
[WhiteElo "2225"]
[BlackElo "2555"]

1.d4 d5 2.c4 c6 3.Nf3 Nf6 4.Nc3 e6 5.e3 Nbd7 6.Qc2 Bd6 7.Be2 O-O 8.O-O dxc4
9.Bxc4 b5 10.Be2 Bb7 11.e4 e5 12.dxe5 Nxe5 13.Nxe5 Bxe5 14.Be3 Re8 15.Bf3 Qc7
16.h3 Bxc3 17.bxc3 c5 18.a4 bxa4 19.Rxa4 Bc6 20.Rc4 Nd7 21.Rb1 Reb8 22.e5 Bxf3
23.gxf3 Nxe5 24.Rxc5 Nxf3+ 25.Kg2 Nh4+ 26.Kh1 Qd7 27.Kh2 Qd6+ 28.f4 Re8 29.Rd1 Qf6
30.Qf2 Nf5 31.Bd4 Nxd4 32.Qxd4 Re2+ 33.Kg3 Qe7 34.Re5 Rxe5 35.fxe5 h6 36.h4 Rc8
37.Ra1 Rc5 38.Re1 Qc7 39.Re3 Rc4 40.Qd3 Qc8 41.h5 Qg4+ 42.Kf2 Rf4+ 43.Ke1 Qxh5
44.e6 Qh4+ 45.Kd2 Rf2+ 46.Re2 Qf4+ 47.Kc2 Rxe2+ 48.Qxe2 Qf5+ 49.Kc1 Qxe6
50.Qb5 a6 51.Qd3 h5 52.c4 Qe5 53.Qd8+ Kh7 54.Qc8 h4 55.c5 f5  0-1

[Event "Wichern op"]
[Site "Hamburg"]
[Date "1997.??.??"]
[Round "2"]
[White "Epishin, Vladimir"]
[Black "Schuette, Manfred"]
[Result "1-0"]
[WhiteElo "2570"]
[BlackElo "2265"]

1.d4 d5 2.c4 c6 3.Nc3 Nf6 4.Nf3 e6 5.e3 Nbd7 6.Qc2 Be7 7.Bd3 b6 8.O-O Bb7
9.Re1 Qc7 10.e4 dxe4 11.Nxe4 h6 12.Bd2 O-O 13.b4 Nxe4 14.Bxe4 Bf6 15.Rad1 Rfd8
16.c5 b5 17.g3 e5 18.Bh7+ Kh8 19.Bf5 Bc8 20.Qe4 Re8 21.Bc3 a5 22.bxa5 g6
23.Bxd7 Bxd7 24.dxe5 Bg7 25.Rd6 Be6 26.Rxc6 Qe7 27.Rd6 Bxa2 28.Qb4 Bc4 29.e6 Bxe6
30.Bxg7+ Kxg7 31.Nd4 Qc7 32.Nxe6+ Rxe6 33.Rexe6 fxe6 34.Qd4+ e5 35.Qd5  1-0

[Event "Wichern op"]
[Site "Hamburg"]
[Date "1997.??.??"]
[Round "4"]
[White "Ruzele, Darius"]
[Black "Jugelt, Tobias"]
[Result "1-0"]
[WhiteElo "2525"]
[BlackElo "2370"]

1.d4 d5 2.c4 c6 3.Nc3 Nf6 4.e3 e6 5.Nf3 Nbd7 6.Qc2 Bd6 7.Bd3 Qe7 8.O-O O-O
9.c5 Bc7 10.e4 dxe4 11.Nxe4 Nd5 12.Bd2 e5 13.Rfe1 h6 14.Ng3 Rd8 15.Rac1 g6
16.a3 Kg7 17.h4 Qf6 18.Ne4 Qe6 19.Nc3 Ne7 20.Bxh6+ Kxh6 21.Ng5 Qf6 22.Nce4 Qf4
23.g3 Qf5 24.Nd6 Qf6 25.Ngxf7+ Kh7 26.dxe5 Qg7 27.Ng5+  1-0

[Event "Wichern op"]
[Site "Hamburg"]
[Date "1997.??.??"]
[Round "5"]
[White "Plueg, Andreas"]
[Black "Fridman, Daniel"]
[Result "0-1"]
[WhiteElo "2375"]
[BlackElo "2480"]

1.d4 d5 2.Nf3 Nf6 3.c4 e6 4.Nc3 c6 5.e3 Nbd7 6.Be2 Bd6 7.O-O O-O 8.b3 Ne4
9.Nxe4 dxe4 10.Nd2 f5 11.Bb2 c5 12.dxc5 Bxc5 13.a3 a5 14.Qc2 Qe7 15.Rfc1 b6
16.Nb1 Bb7 17.Nc3 Bc6 18.Bf1 Nf6 19.Ne2 e5 20.Bc3 Ng4 21.h3 Nxf2 22.Kxf2 f4
23.Kg1 f3 24.Kh1 Qg5 25.Nd4 exd4 26.Bxd4 Bxd4 27.exd4 e3 28.d5 Bd7 29.gxf3 Rxf3
30.Qe4 Rg3 31.Bg2 Bf5 32.h4 Bxe4 33.hxg5 Rxg2 34.d6  0-1

[Event "Hamburg ch"]
[Site "Hamburg"]
[Date "1997.??.??"]
[Round "5"]
[White "Wendt, Jan Dietrich"]
[Black "Lamprecht, Frank"]
[Result "1-0"]
[WhiteElo "2285"]
[BlackElo "2400"]

1.Nf3 d5 2.d4 Nf6 3.c4 c6 4.Nc3 e6 5.e3 Nbd7 6.Bd3 dxc4 7.Bxc4 b5 8.Bd3 Bb7
9.O-O a6 10.e4 c5 11.d5 c4 12.dxe6 fxe6 13.Bc2 Qc7 14.Nd4 Nc5 15.Be3 O-O-O
16.Qe2 Kb8 17.b4 cxb3 18.axb3 e5 19.Ndxb5 axb5 20.Nxb5 Qc6 21.b4 Nfxe4 22.f3 Ba6
23.Rxa6 Qxa6 24.bxc5 Nxc5 25.Rb1 Rd7 26.Qc4 Rb7 27.Bxc5 Bxc5+ 28.Qxc5 Qb6
29.Qxb6 Rxb6 30.Nc3 Rxb1+ 31.Bxb1 Rc8 32.Ne2 g6 33.Kf2 Kc7 34.Ke3 Kd6 35.g4 Ke6
36.h4 Rb8 37.Bd3 Rb4 38.Ng3 Kf6 39.Ne4+ Kg7 40.Kf2 Rb2+ 41.Kg3 Rb3 42.Nf2 Ra3
43.Be4 Kf6 44.g5+ Kg7 45.Ng4 Ra5 46.h5 Kf7 47.h6 Kg8 48.Kf2 Ra2+ 49.Ke3 Rg2
50.Bd3 Kh8 51.Nxe5  1-0

[Event "Wichern op"]
[Site "Hamburg"]
[Date "1997.??.??"]
[Round "6"]
[White "Reddmann, Hauke"]
[Black "Feigin, Mihail"]
[Result "1/2-1/2"]
[WhiteElo "2315"]
[BlackElo "2500"]

1.c4 e6 2.d4 d5 3.Nc3 c6 4.e3 Nf6 5.Nf3 Nbd7 6.Bd2 Bd6 7.Rc1 O-O 8.cxd5 exd5
9.Bd3 Re8 10.O-O Ne4 11.Ne2 Ndf6 12.Be1 Qe7 13.Kh1 Qe6 14.h3 Qf5 15.Nh2 Qd7
16.Rc2 Qe7 17.Ng1 Bd7 18.g4 c5 19.dxc5 Nxc5 20.Bc3 Bxh2 21.Bxf6 Qxf6 22.Kxh2 Nxd3
23.Qxd3 Qe5+ 24.f4 Qxe3 25.Qxd5 Bc6 26.Qd2 Qe4 27.Nf3 Rad8 28.Qc1 f6 29.Rcf2 Rd3
30.Re1 Re3 31.Rxe3 Qxe3 32.Qxe3 Rxe3 33.Nd4 Bd7 34.Rd2 Kf8 35.Nc2 Re7 36.f5 Ke8
37.Kg3 Bc6 38.Kf2 Re4 39.Nd4 Bd7 40.Re2 Rxe2+ 41.Nxe2 Ke7 42.Ke3 Kd6 43.Kd4 Be8
44.Nf4 Bf7 45.a3 b6 46.Nh5 Bxh5 47.gxh5 Kc6 48.Kc4 Kd6 49.Kd4 a6 50.b3 Kc6
51.Kc4 Kd6 52.Kd4 a5 53.b4 axb4 54.axb4 Kc6 55.Kc4 b5+  1/2-1/2

[Event "Wichern op"]
[Site "Hamburg"]
[Date "1997.??.??"]
[Round "9"]
[White "Lamprecht, Frank"]
[Black "Trabert, Bettina"]
[Result "1/2-1/2"]
[WhiteElo "2410"]
[BlackElo "2220"]

1.d4 d5 2.c4 e6 3.Nc3 c6 4.e3 Nf6 5.Nf3 Nbd7 6.Bd3 dxc4 7.Bxc4 b5 8.Bd3 Bb7
9.O-O b4 10.Na4 a6 11.a3 bxa3 12.bxa3 c5 13.Rb1 Rb8 14.dxc5 Bxc5 15.Qc2 Bd6
16.e4 O-O 17.Bb2 Qa5 18.Bc3 Qh5 19.Bb4 Rfc8 20.Qe2 Bc7 21.Rfc1 Ne5 22.Rxc7 Rxc7
23.Bd6 Nxf3+ 24.Qxf3 Qxf3 25.gxf3 Rbc8 26.Bxc7 Rxc7 27.Kf1 Kf8 28.Ke2 Nd7
29.f4 e5 30.fxe5 Nxe5 31.f4 Nxd3 32.Kxd3 Bxe4+ 33.Kxe4 Rc4+ 34.Ke5 f6+ 35.Ke6 Re4+
36.Kf5 Rxa4 37.Rb8+ Kf7 38.Rb7+ Kf8 39.Rb8+ Ke7 40.Rb7+ Kf8 41.Rb8+ Kf7 42.Rb7+  1/2-1/2

[Event "SWE-ch"]
[Site "Haninge"]
[Date "1997.??.??"]
[Round "6"]
[White "Agrest, Evgenij"]
[Black "Ziegler, Ari"]
[Result "1-0"]
[WhiteElo "2460"]
[BlackElo "2455"]

1.c4 c6 2.Nc3 d5 3.d4 Nf6 4.e3 e6 5.Nf3 Nbd7 6.Be2 Bd6 7.Qc2 O-O 8.O-O Re8
9.Rd1 Qe7 10.a3 h6 11.h3 b6 12.e4 dxe4 13.Nxe4 Nxe4 14.Qxe4 Bb7 15.Bf4 Bxf4
16.Qxf4 Rad8 17.b4 c5 18.dxc5 bxc5 19.Qc7 Nf6 20.Qxe7 Rxd1+ 21.Rxd1 Rxe7
22.Ne5 cxb4 23.axb4 g6 24.Ra1 a6 25.Bf3 Bc8 26.b5 axb5 27.Ra8 Rc7 28.cxb5 Nd5
29.Bxd5 exd5 30.Nc6 Kg7 31.Ra7 Bb7 32.Nd8  1-0

[Event "SWE-ch qualA"]
[Site "Haninge"]
[Date "1997.??.??"]
[Round "8"]
[White "Hedman, Erik"]
[Black "Sundell, Bo"]
[Result "1/2-1/2"]
[WhiteElo "2335"]
[BlackElo "2195"]

1.d4 d5 2.c4 c6 3.Nc3 Nf6 4.e3 e6 5.Nf3 Nbd7 6.Bd3 Bd6 7.O-O O-O 8.e4 dxe4
9.Nxe4 Nxe4 10.Bxe4 Nf6 11.Bc2 h6 12.b3 Qe7 13.Qe2 Rd8 14.Ne5 c5 15.Bb2 cxd4
16.Bxd4 Qc7 17.Rad1 Bd7 18.Rd3 Bc6 19.Rg3 Kf8 20.Kh1 Ne4 21.Nxc6 Nxg3+ 22.fxg3 bxc6
23.Qxe6 Bf4 24.Bc5+ Bd6 25.Bd4 Bf4 26.Qe4 Rxd4 27.Qxd4 Be5 28.Qe4 Rd8 29.Qh7 Rd6
30.Qh8+ Ke7 31.Qg8 Rf6 32.Rd1  1/2-1/2

[Event "Heart of Finland op"]
[Site "?"]
[Date "1997.??.??"]
[Round "3"]
[White "Norri, Joose"]
[Black "Issakainen, Ari"]
[Result "1-0"]
[WhiteElo "2430"]
[BlackElo "2265"]

1.d4 d5 2.c4 c6 3.Nc3 Nf6 4.e3 e6 5.Nf3 Nbd7 6.Bd3 Bd6 7.O-O O-O 8.Qc2 Qe7
9.c5 Bc7 10.e4 dxe4 11.Nxe4 Nxe4 12.Bxe4 h6 13.Re1 Rd8 14.Rb1 Nf6 15.Bd3 a5
16.a3 a4 17.Bd2 b6 18.cxb6 Bxb6 19.Bb4 Qa7 20.Rbd1 Bd7 21.Be7 Rdc8 22.Bxf6 gxf6
23.Qd2 Kg7 24.Qf4 Rh8 25.Re3 Qb8 26.Qg4+ Kf8 27.Qh4 Bd8 28.Rd2 Ra5 29.Bc4 h5
30.Qe4 Bc7 31.b4 axb3 32.Rxb3 Qa8 33.Qe3 Bd6 34.Rdd3 c5 35.dxc5 Bxc5 36.Qd2 Be8
37.Rd8 Qa7 38.Rbb8 Ke7 39.Bb5 Rxb5 40.Rxb5 Bxb5 41.Rxh8 Be8 42.Rxh5 Qxa3
43.h4 Bc6 44.Rh8 Bb6 45.Rb8 Qa1+ 46.Qe1 Qb2 47.Rg8 Bxf3 48.gxf3 Bc7 49.Kg2 f5
50.h5 Bf4 51.Qa5 Qd4 52.Qa8 Be5 53.Qf8+ Kf6 54.Rg6+  1-0

[Event "Heart of Finland op"]
[Site "?"]
[Date "1997.??.??"]
[Round "7"]
[White "Yrjola, Jouni"]
[Black "Molander, Riku"]
[Result "1-0"]
[WhiteElo "2435"]
[BlackElo "2200"]

1.Nf3 Nf6 2.c4 c6 3.Nc3 d5 4.e3 e6 5.d4 Nbd7 6.Qc2 Bd6 7.Bd3 O-O 8.O-O e5
9.cxd5 cxd5 10.e4 exd4 11.Nxd5 Nxd5 12.exd5 h6 13.Nxd4 Qh4 14.Nf3 Qh5 15.Bh7+ Kh8
16.Qf5 g5 17.Bd2 Ne5 18.Qf6+ Kxh7 19.Nxe5 Bb8 20.Bc3 a5 21.d6 Be6 22.Nd7 Rg8
23.Nf8+  1-0

[Event "Heart of Finland op"]
[Site "?"]
[Date "1997.??.??"]
[Round "8"]
[White "Veingold, Aleksandr"]
[Black "Rantanen, Yrjo A"]
[Result "1-0"]
[WhiteElo "2460"]
[BlackElo "2350"]

1.d4 d5 2.Nf3 Nf6 3.c4 c6 4.Nc3 e6 5.e3 Nbd7 6.Bd3 g6 7.e4 dxe4 8.Nxe4 Nxe4
9.Bxe4 c5 10.O-O Nf6 11.Bc2 cxd4 12.Nxd4 Bc5 13.Be3 O-O 14.Re1 Qb6 15.Nb3 Bxe3
16.Rxe3 Rd8 17.Rd3 Bd7 18.Qd2 Bc6 19.Rd1 Rxd3 20.Qxd3 Be4 21.Qe2 Bxc2 22.Qxc2 Rd8
23.Kf1 Kf8 24.h3 Rxd1+ 25.Qxd1 Ke7 26.c5 Qb5+ 27.Qe2 Qd7 28.Qf3 Qb5+ 29.Kg1 Qb4
30.Qg3 Qe1+ 31.Kh2 e5 32.Qd3 Ne4 33.Qd5 Nxf2 34.Qxb7+ Kd8 35.Qd5+ Ke7 36.Nd2 Qh1+
37.Kg3 Qe1 38.Nf3 e4 39.Nxe1 Nd1 40.Qd6+ Ke8 41.Qc6+ Ke7 42.Qc7+ Ke6 43.Qd6+  1-0

[Event "Helsinki We SKFC 2 op"]
[Site "Helsinki"]
[Date "1997.??.??"]
[Round "3"]
[White "Veingold, Aleksandr"]
[Black "Norri, Joose"]
[Result "1/2-1/2"]
[WhiteElo "2460"]
[BlackElo "2430"]

1.d4 d5 2.Nf3 Nf6 3.c4 c6 4.Nc3 e6 5.e3 Nbd7 6.Bd3 dxc4 7.Bxc4 b5 8.Bd3 a6
9.e4 c5 10.d5 c4 11.Bc2 Bc5 12.dxe6 fxe6 13.e5 Ng4 14.Ne4 Bb4+ 15.Bd2 Bxd2+
16.Qxd2 O-O 17.Neg5 Ndxe5 18.Bxh7+ Kh8 19.Qxd8 Rxd8 20.Nxe5 Nxe5 21.O-O Ra7
22.Be4 Kg8 23.f4 Nf7 24.Rad1 Rxd1 25.Rxd1 Kf8 26.Bg6 Nxg5 27.Rd8+ Ke7 28.Rxc8 Kf6
29.Bc2 Nf7 30.Kf2 Rd7 31.Ke2 e5 32.Rc6+ Rd6 33.fxe5+ Kxe5 34.Rc7 Kf6 35.a4 Ng5
36.axb5 Ne6 37.Rxc4 axb5 38.Rc8 Ke5 39.Ke3 Ra6 40.Bb3 Kf5 41.h3 Rd6 42.Bc2+ Ke5
43.Re8 Kf6 44.Rb8 Nc7 45.Bb3 Ke5 46.Rc8 Rc6 47.Rg8 Rg6 48.Kf2 Rf6+ 49.Kg1 Rg6
50.g4 Kf4 51.Kf2 Rd6 52.Rf8+ Ke4 53.Bc2+ Ke5 54.Rf5+ Kd4 55.Rf4+ Kc5 56.b4+ Kd5
57.Rf7 Ne8 58.Re7 Rf6+ 59.Kg3 Rf8 60.Bd3 g5 61.Bxb5 Nd6 62.Bd3 Kd4 63.Re6 Nf7
64.Bf5 Ra8 65.Re4+ Kd5 66.Re3 Nd6 67.Rd3+ Ke5  1/2-1/2

[Event "Helsinki We HSK op"]
[Site "Helsinki"]
[Date "1997.??.??"]
[Round "4"]
[White "Niemela, Antti"]
[Black "Van Linde, Paul"]
[Result "1/2-1/2"]
[WhiteElo "2240"]
[BlackElo "2120"]

1.d4 d5 2.c4 c6 3.Nc3 Nf6 4.e3 e6 5.Nf3 Nbd7 6.Bd3 dxc4 7.Bxc4 b5 8.Bd3 a6
9.e4 c5 10.e5 cxd4 11.Nxb5 Nxe5 12.Nxe5 axb5 13.Bxb5+ Bd7 14.Nxd7 Qa5+ 15.Bd2 Qxb5
16.Nxf8 Rxf8 17.b3 Kd7 18.Qe2 Rfb8 19.Qxb5+ Rxb5 20.Ke2 Ne4 21.f3 Nxd2 22.Kxd2 e5
23.Rhc1 Kd6 24.g4 Ra7 25.h4 f6 26.h5 g6 27.hxg6 hxg6 28.Rh1 f5 29.Rh6 fxg4
30.Rxg6+ Kd5 31.Rxg4 Rxb3 32.axb3 Rxa1 33.Rg8 Rf1 34.Rf8 Kc5 35.Rc8+ Kd6
36.Rf8 Rb1 37.Rb8 Rf1 38.Rf8 e4 39.Rd8+ Kc7 40.Rxd4 exf3 41.Ke3 f2  1/2-1/2

[Event "Helsinki We HSK op"]
[Site "Helsinki"]
[Date "1997.??.??"]
[Round "5"]
[White "Issakainen, Ari"]
[Black "Tella, Jussi"]
[Result "0-1"]
[WhiteElo "2265"]
[BlackElo "2335"]

1.d4 d5 2.c4 c6 3.Nf3 Nf6 4.Nc3 e6 5.e3 Nbd7 6.Qc2 Bd6 7.Be2 O-O 8.O-O e5
9.cxd5 cxd5 10.dxe5 Nxe5 11.b3 Qc7 12.h3 Ne4 13.Bb2 Nxf3+ 14.Bxf3 Bf5 15.Bxe4 dxe4
16.Rac1 Rac8 17.Qe2 Qe7 18.Nb5 Bb8 19.Rfd1 a6 20.Nd4 Qe5 21.Qh5 Qh2+ 22.Kf1 Bg6
23.Qg4 Rxc1 24.Rxc1 h5 25.Qd7 Be5 26.Ba3 Rb8 27.Nf5 Qh1+ 28.Ke2 Qxg2 29.Nh4 Qg5
30.Nxg6 Qxg6 31.Rc8+ Rxc8 32.Qxc8+ Kh7 33.Qxb7 Qf5 34.Qd5 Qf3+ 35.Kf1 Qxh3+
36.Ke2 Qf3+ 37.Kf1 Bg3 38.Qd2 h4 39.Bd6 Bxd6 40.Qxd6 h3 41.Ke1 Qh1+ 42.Kd2 Qg2
43.Qf4 h2 44.Qf5+ Qg6 45.Qh3+ Qh6 46.Qf5+ g6  0-1

[Event "Hessenliga9798"]
[Site "Hessen"]
[Date "1997.??.??"]
[Round "?.1"]
[White "Reh, Philipp"]
[Black "Rasch, Holger"]
[Result "1/2-1/2"]
[WhiteElo "2155"]
[BlackElo "2250"]

1.d4 d5 2.c4 e6 3.Nc3 c6 4.e3 Nf6 5.Nf3 Nbd7 6.Qc2 Bd6 7.Bd3 b6 8.e4 dxe4
9.Nxe4 Bb4+ 10.Bd2 Bxd2+ 11.Qxd2  1/2-1/2

[Event "Highgate Masters"]
[Site "Highgate"]
[Date "1997.??.??"]
[Round "4"]
[White "Richardson, John R"]
[Black "Harari, Zaki"]
[Result "1-0"]
[WhiteElo "2260"]
[BlackElo "2250"]

1.d4 d5 2.c4 c6 3.Nc3 e6 4.e3 Nf6 5.Nf3 Bd6 6.Qc2 Nbd7 7.Bd2 O-O 8.Bd3 h6
9.O-O dxc4 10.Bxc4 e5 11.Bb3 Kh8 12.Rae1 Qe7 13.Nh4 Nb6 14.Bxf7 Qxf7 15.dxe5 Bc7
16.exf6 Qh5 17.Qg6 Qe5 18.Qxg7+  1-0

[Event "BCF-ch"]
[Site "Hove"]
[Date "1997.??.??"]
[Round "10"]
[White "Sheldon, Ruth"]
[Black "Forbes, Cathy"]
[Result "1-0"]
[WhiteElo "2295"]
[BlackElo "2120"]

1.d4 d5 2.c4 c6 3.Nf3 Nf6 4.Nc3 e6 5.e3 Nbd7 6.Qc2 Bd6 7.Be2 dxc4 8.a4 O-O
9.Nd2 e5 10.Nxc4 Bc7 11.a5 exd4 12.exd4 Nd5 13.O-O Qh4 14.g3 Qxd4 15.Rd1 Qc5
16.Nxd5 cxd5 17.b4 Qc6 18.b5 Qe6 19.Ne3 Be5 20.Bg4 Qg6 21.Bf5 Qh5 22.Bg4 Qg6
23.Bf5 Qh5 24.Ra4 Nf6 25.Rh4 Bxf5 26.Nxf5 Qf3 27.Ne7+ Kh8 28.Rd3 Qxd3 29.Qxd3 g6
30.Bf4 Ba1 31.Qd1 Bc3 32.Qb3 Ne4 33.Bh6 Rfe8 34.Rxe4 Bf6 35.Qxd5 Bxe7 36.Qxf7  1-0

[Event "HUN-chT2 9798"]
[Site "HUN"]
[Date "1997.??.??"]
[Round "?"]
[White "Molnar, Laszlo"]
[Black "Talos, Janos"]
[Result "1-0"]
[WhiteElo "2220"]
[BlackElo "2375"]

1.d4 Nf6 2.c4 d5 3.Nf3 e6 4.Nc3 c6 5.e3 Nbd7 6.Bd3 dxc4 7.Bxc4 b5 8.Bd3 a6
9.e4 c5 10.d5 exd5 11.exd5 Bd6 12.O-O O-O 13.Bg5 Bb7 14.Ne4 Be7 15.d6 Bxe4
16.Bxe4 Nxe4 17.dxe7 Qc7 18.exf8=Q+ Nxf8 19.Qd5  1-0

[Event "HUN-chT2 9798"]
[Site "HUN"]
[Date "1997.??.??"]
[Round "?"]
[White "Csala, Imre"]
[Black "Farkas, Tibor"]
[Result "1/2-1/2"]
[WhiteElo "2255"]
[BlackElo "2315"]

1.d4 d5 2.Nf3 Nf6 3.c4 c6 4.Nc3 e6 5.e3 Nbd7 6.Bd2 b6 7.Rb1 a5 8.a3 Bd6 9.cxd5 exd5
10.Qc2 O-O 11.Bd3 Ba6 12.Bxa6 Rxa6 13.a4 Ra8 14.O-O Re8 15.Qf5  1/2-1/2

[Event "Imatra We ImSh-48"]
[Site "Imatra"]
[Date "1997.??.??"]
[Round "3"]
[White "Porrasmaa, Timo"]
[Black "Birjukov, Sergei"]
[Result "1/2-1/2"]
[WhiteElo "2120"]
[BlackElo "2260"]

1.d4 d5 2.Nf3 Nf6 3.c4 e6 4.Nc3 c6 5.e3 Be7 6.Qc2 O-O 7.b3 Nbd7 8.Bd3 a6
9.O-O b5 10.Bb2 Bb7 11.Rad1 h6 12.Rfe1 Qc7 13.Ne5 Rac8 14.Nxd7 Qxd7 15.e4 b4
16.Na4  1/2-1/2

[Event "World Cities"]
[Site "Jakarta "]
[Date "1997.??.??"]
[Round "8"]
[White "Sitanggang, Salor"]
[Black "Gausel, Einar"]
[Result "0-1"]
[WhiteElo "2410"]
[BlackElo "2540"]

1.c4 e6 2.Nf3 d5 3.d4 c6 4.e3 Nf6 5.Nc3 Nbd7 6.Qc2 Bd6 7.Bd3 O-O 8.O-O dxc4
9.Bxc4 Qe7 10.Ne2 c5 11.e4 cxd4 12.Nexd4 h6 13.h3 a6 14.Rd1 Ne5 15.Nxe5 Bxe5
16.Nf3 Qc7 17.Nxe5 Qxe5 18.Bd3 Bd7 19.f4 Qd4+ 20.Kh2 Ba4 21.b3 Qxa1 22.Ba3 Qd4
23.Bc5 Qd8 24.Bxf8 Qxf8 25.bxa4 Rc8 26.Qb1 Qe7 27.Qb6 e5 28.Qb2 Rd8 29.fxe5 Nxe4
30.Re1 Rxd3 31.Rxe4 Rd5 32.Qc3 Qd7 33.Qf3 Qe6 34.Qf4 a5 35.a3 b6 36.Qg3 Kf8
37.Qf4 Rd3 38.Rc4 g5 39.Qe4 Rd5 40.Rc8+ Kg7 41.Re8 Qxe8 42.Qxd5 Qxa4 43.e6 Qf4+
44.Kh1 fxe6 45.Qxe6 Qc1+ 46.Kh2 Qc7+ 47.Kh1 a4 48.Qe1 Qc5 49.Qa1+ Kg8 50.Qb1 Qc6
51.Qd1 Kf7 52.Qe1 b5 53.Qe3 Kf6 54.Qe1 Qc5 55.Qe8 Qc1+ 56.Kh2 Qxa3 57.Qc6+ Kf7
58.Qc7+ Ke6 59.Qb6+ Qd6+  0-1

[Event "Jakarta op"]
[Site "Jakarta"]
[Date "1997.??.??"]
[Round "?"]
[White "Sitanggang, Salor"]
[Black "Korneev, Oleg"]
[Result "1/2-1/2"]
[WhiteElo "2415"]
[BlackElo "2590"]

1.c4 e6 2.Nf3 d5 3.d4 Nf6 4.Nc3 c6 5.e3 Nbd7 6.Qc2 Bd6 7.Bd3 O-O 8.O-O dxc4
9.Bxc4 Qe7 10.Ne2 e5 11.Ng3 Bc7 12.b3 e4 13.Ng5 Bxg3 14.fxg3 h6 15.Nh3 Nb6
16.Nf4 Nbd5 17.a4 Re8 18.Ba3 Qd8 19.Qd2 Nxf4 20.gxf4 Be6 21.a5 Bd5 22.Rfc1 Rb8
23.Bb4 Qd7 24.Qc2 b5  1/2-1/2

[Event "Juvenil op"]
[Site "?"]
[Date "1997.??.??"]
[Round "4"]
[White "Rue, JM."]
[Black "Sirvent, D."]
[Result "1-0"]
[WhiteElo "2105"]
[BlackElo "2060"]

1.Nf3 Nf6 2.c4 c6 3.Nc3 d5 4.d4 e6 5.e3 Nbd7 6.Bd3 dxc4 7.Bxc4 b5 8.Bd3 a6
9.O-O c5 10.b3 Bb7 11.Re1 Bd6 12.Bb2 O-O 13.Rc1 Rc8 14.Qe2 Qb6 15.Nb1 Ne4
16.Ne5 Qc7 17.f3 Nef6 18.f4 Qd8 19.Nd2 cxd4 20.exd4 Nd5 21.Rxc8 Bxc8 22.g3 N7f6
23.a4 bxa4 24.bxa4 a5 25.Ndc4 Bb4 26.Rc1 Ba6 27.Qf3 Qa8 28.g4 Rc8 29.g5 Ne8
30.f5 Bxc4 31.fxe6 Nd6 32.exf7+ Kf8 33.Bxh7 Qb7 34.Ng6+  1-0

[Event "Keres mem rapid"]
[Site "Kalev"]
[Date "1997.??.??"]
[Round "1"]
[White "Ehlvest, Jaan"]
[Black "Liiva, Riho"]
[Result "0-1"]
[WhiteElo "2635"]
[BlackElo "2415"]

1.d4 d5 2.c4 c6 3.Nc3 Nf6 4.Nf3 e6 5.e3 Nbd7 6.Bd3 Bd6 7.O-O O-O 8.Qc2 Qe7
9.h3 dxc4 10.Bxc4 e5 11.Bb3 Bc7 12.Bd2 h6 13.Nh4 Rd8 14.Nf5 Qf8 15.Rad1 Nb6
16.dxe5 Bxe5 17.Nh4 Qe8 18.Nf3 Bc7 19.e4 Be6 20.Rfe1 Nfd7 21.Be3 Nc4 22.Bxc4 Bxc4
23.b3 Be6 24.Nb5 Bb8 25.Nbd4 Nf8 26.Nf5 Bc7 27.Bd4 f6 28.Bc3 Qf7 29.N3d4 Bd7
30.Qe2 Ne6 31.Qg4 Kh8 32.Nf3 Nf8 33.N3h4 Bxf5 34.Nxf5 Ng6 35.g3 Ne5 36.Qe2 Qe8
37.Kg2 Rxd1 38.Rxd1 Rd8 39.Rxd8 Qxd8 40.Nd4 Qd7 41.f4 Nf7 42.Nf5 Nd6 43.Qd3 Qe6
44.Nxd6 Qxd6 45.Qxd6 Bxd6 46.Kf3 Kg8 47.Bd4 a6 48.Be3 Kf7 49.Ke2 Ke6 50.g4 g5
51.f5+ Ke7 52.Kd3 Be5 53.a4 Kd7 54.Kc4 Bd6 55.Bc5 b5+ 56.axb5 cxb5+ 57.Kd4 Be5+
58.Kd3 a5 59.Bf8 Ke8 60.Bxh6 a4 61.bxa4 bxa4 62.h4 gxh4 63.Be3 h3 64.Bg1 h2
65.Bxh2 Bxh2  0-1

[Event "EUCup final"]
[Site "Kazan"]
[Date "1997.??.??"]
[Round "1"]
[White "Krasenkow, Michal"]
[Black "Novikov, Igor A"]
[Result "1-0"]
[WhiteElo "2645"]
[BlackElo "2590"]

1.d4 d5 2.c4 c6 3.Nc3 Nf6 4.e3 e6 5.Nf3 Nbd7 6.Bd3 dxc4 7.Bxc4 b5 8.Bd3 Bb7
9.O-O b4 10.Ne4 Be7 11.a3 bxa3 12.bxa3 O-O 13.Rb1 Qc7 14.Nxf6+ Nxf6 15.e4 c5
16.Bf4 Qc8 17.Bg5 h6 18.Bxf6 Bxf6 19.dxc5 Rd8 20.Qc2 Qc7 21.Rfc1 Rac8 22.Bb5 Bc6
23.g3 Bxb5 24.Rxb5 Qc6 25.Rb4 Rc7 26.Qb1 Qa6 27.a4 Qe2 28.Kg2 Qa6 29.Rb8 Qxa4
30.e5 Be7 31.Rxd8+ Bxd8 32.Qb8 Qd7 33.c6 Qc8 34.Qb5 Re7 35.Nd2 Bb6 36.Nc4 Qd8
37.Nd6 Rc7 38.Qc4 Qe7 39.Rc3 Qg5 40.Nb5 Rc8 41.Qe2 Qd8 42.Nd6 Rc7 43.Qe4 Qg5
44.Rc2 Qe7 45.h4 Qf8 46.Rd2 Re7 47.Nb7 f6 48.exf6 Qxf6 49.Nd6 e5 50.Nb5 Qe6
51.Rc2 Re8 52.c7 Rc8 53.Qb7 Qd7 54.Rd2 Bd4 55.f4 a6 56.Qxa6 Rxc7 57.Nxc7 Qxc7
58.Qa8+ Kf7 59.Qd5+ Kf8 60.Ra2 Qc1 61.Qd8+ Kf7 62.Qd7+  1-0

[Event "Tavasz"]
[Site "Kecskemet"]
[Date "1997.??.??"]
[Round "6"]
[White "Prusikin, Mikhajlo"]
[Black "Somlai, Laszlo"]
[Result "1-0"]
[WhiteElo "2340"]
[BlackElo "2360"]

1.d4 d5 2.c4 c6 3.Nc3 Nf6 4.e3 e6 5.Nf3 Nbd7 6.Qc2 Bd6 7.g4 dxc4 8.Bxc4 Nd5
9.Ne4 Be7 10.Bd2 b6 11.O-O-O Bb7 12.Kb1 h6 13.Rhg1 g6 14.Ne5 Qc7 15.f4 Rh7
16.Rc1 Rc8 17.h4 h5 18.gxh5 Rxh5 19.Nxf7 Kxf7 20.Nd6+ Bxd6 21.Qxg6+ Ke7 22.Qxh5 Rf8
23.Rg7+ Kd8 24.e4 N5f6 25.Qg5 c5 26.e5 Be7 27.Rxe7 Be4+ 28.Ka1 Kxe7 29.dxc5 bxc5
30.exf6+ Nxf6 31.Bc3  1-0